[Event "CRO-chT U18"]
[Site "Cakovec"]
[Date "2019.12.29"]
[Round "6.1"]
[White "Lovric, Dino"]
[Black "Mahecic, Lovre"]
[Result "1/2-1/2"]
[WhiteElo "1947"]
[BlackElo "1842"]
[PlyCount "84"]
[EventDate "2019.12.27"]
[EventType "team-tourn"]
[EventRounds "7"]
[EventCountry "CRO"]
[SourceTitle "CBM 194 Extra"]
[Source "ChessBase"]
[SourceDate "2020.03.31"]
[SourceVersion "1"]
[SourceVersionDate "2020.03.31"]
[SourceQuality "1"]

1. d4 Nf6 2. Nf3 g6 3. Bf4 d6 4. e3 Bg7 5. h3 0-0 6. Be2 Nbd7 7. 0-0 Re8 8. c3 b6 9. Nbd2 Bb7 10. Qb3 e6 11. a4 a5 12. Bh2 Ne4 13. Nxe4 Bxe4 14. Nd2 Bb7 15. Bf3 Bxf3 16. Nxf3 e5 17. Rfd1 e4 18. Nd2 Nf6 19. c4 Qe7 20. Nb1 Rab8 21. Nc3 Red8 22. Rac1 c6 23. Qa3 Rb7 24. Rb1 c5 25. Nb5 Ne8 26. Qb3 f5 27. Rd2 Kh8 28. Rbd1 Rbd7 29. Nc3 cxd4 30. Nd5 Qf7 31. Qxb6 dxe3 32. fxe3 Rc8 33. Qxa5 Rxc4 34. Nb6 Ra7 35. Nxc4 Rxa5 36. Nxa5 Bh6 37. Rd5 Bxe3+ 38. Kh1 f4 39. Nc4 Bc5 40. Ne5 Qe7 41. Bxf4 dxe5 42. Rxe5 Qf8 1/2-1/2

[Event "CRO-chT U18"]
[Site "Cakovec"]
[Date "2019.12.29"]
[Round "5.1"]
[White "Zadro, Matej"]
[Black "Lovric, Dino"]
[Result "0-1"]
[WhiteElo "1695"]
[BlackElo "1947"]
[PlyCount "38"]
[EventDate "2019.12.27"]
[EventType "team-tourn"]
[EventRounds "7"]
[EventCountry "CRO"]
[SourceTitle "CBM 194 Extra"]
[Source "ChessBase"]
[SourceDate "2020.03.31"]
[SourceVersion "1"]
[SourceVersionDate "2020.03.31"]
[SourceQuality "1"]

1. e4 d6 2. d4 Nf6 3. Nc3 g6 4. f3 Bg7 5. Be3 c6 6. Nge2 b5 7. Qd2 Nbd7 8. 0-0-0 Qa5 9. a3 0-0 10. g4 Nb6 11. Ng3 Be6 12. Bh6 Bxh6 13. Qxh6 b4 14. Nb1 Na4 15. Rg1 bxa3 16. bxa3 Rab8 17. Nh5 Rxb1+ 18. Kxb1 Nc3+ 19. Kc1 Na2+ 0-1

[Event "Pula op 31st"]
[Site "Pula"]
[Date "2017.09.09"]
[Round "1"]
[White "Lovric, Dino"]
[Black "Tratar, Marko"]
[Result "0-1"]
[WhiteElo "1906"]
[BlackElo "2465"]
[PlyCount "66"]
[EventDate "2017.09.09"]
[EventType "swiss"]
[EventRounds "9"]
[EventCountry "CRO"]
[SourceTitle "CBM 180 Extra"]
[Source "ChessBase"]
[SourceDate "2017.10.06"]
[SourceVersion "1"]
[SourceVersionDate "2017.10.06"]
[SourceQuality "1"]

1. f4 b6 2. Nf3 Bb7 3. e3 Nf6 4. c4 c5 5. Nc3 e6 6. d4 cxd4 7. exd4 Bb4 8. Bd2 0-0 9. Bd3 Bxf3 10. Qxf3 Nc6 11. Be3 Rc8 12. Rc1 d5 13. cxd5 Nxd5 14. Bf2 Qf6 15. Qe4 g6 16. 0-0 Bxc3 17. bxc3 Qxf4 18. c4 Qxe4 19. Bxe4 Nf4 20. Rfe1 f5 21. Bxc6 Rxc6 22. Rc3 Nd5 23. cxd5 Rxc3 24. dxe6 Rfc8 25. Be3 Kf8 26. Bf4 Rd3 27. Be5 Ke7 28. Bg7 Rc6 29. Bf6+ Kxf6 30. e7 Rc8 31. e8Q Rxe8 32. Rxe8 Rxd4 33. Rf8+ Ke7 0-1

[Event "CRO-chT3W"]
[Site "Croatia"]
[Date "2016.04.10"]
[Round "5.2"]
[White "Franciskovic, Vinko"]
[Black "Lovric, Dino"]
[Result "1/2-1/2"]
[WhiteElo "2081"]
[BlackElo "1841"]
[PlyCount "50"]
[EventDate "2016.03.05"]
[EventType "team-tourn"]
[EventRounds "9"]
[EventCountry "CRO"]
[SourceTitle "CBM 171 Extra"]
[Source "ChessBase"]
[SourceDate "2016.04.26"]
[SourceVersion "1"]
[SourceVersionDate "2016.04.26"]
[SourceQuality "1"]
[WhiteTeam "Rijeka Rijeka II"]
[BlackTeam "Pula II"]
[WhiteTeamCountry "CRO"]
[BlackTeamCountry "CRO"]

1. e4 d6 2. d4 Nf6 3. Nc3 g6 4. Be2 Bg7 5. h4 c6 6. h5 0-0 7. Be3 b5 8. Bf3 Bb7 9. Qd2 Nbd7 10. Nge2 e5 11. Rd1 Qe7 12. h6 Bh8 13. dxe5 dxe5 14. Qd6 Qxd6 15. Rxd6 Rfd8 16. Bg5 Ne8 17. Bxd8 Nxd6 18. Be7 Nc8 19. Bg5 Bf6 20. Be3 Ncb6 21. 0-0 Nc4 22. Bc1 Be7 23. g4 Rd8 24. Rd1 Kf8 25. Kg2 Ke8 1/2-1/2

[Event "Porec Istar Cup"]
[Site "Porec"]
[Date "2015.12.12"]
[Round "7"]
[White "Ciganovic, Nikola"]
[Black "Lovric, Dino"]
[Result "1-0"]
[WhiteElo "2189"]
[BlackElo "1695"]
[PlyCount "47"]
[EventDate "2015.12.04"]
[EventType "swiss"]
[EventRounds "7"]
[EventCountry "CRO"]
[SourceTitle "EXT 2017"]
[Source "ChessBase"]
[SourceDate "2016.10.25"]
[SourceVersion "1"]
[SourceVersionDate "2016.10.25"]
[SourceQuality "1"]

1. e4 d6 2. d4 Nf6 3. Nc3 g6 4. f4 Bg7 5. Nf3 0-0 6. Bd3 Bg4 7. h3 Bxf3 8. Qxf3 Nc6 9. Be3 e5 10. dxe5 dxe5 11. 0-0-0 Qe7 12. f5 Nd4 13. Qf2 c5 14. g4 Nd7 15. Rhf1 Bf6 16. Nd5 Qd8 17. Nxf6+ Nxf6 18. c3 Qa5 19. Kb1 c4 20. fxg6 fxg6 21. Bxc4+ Kg7 22. cxd4 Nxe4 23. Bh6+ Kxh6 24. Qh4+ 1-0

[Event "EU-ch U12 25th"]
[Site "Porec"]
[Date "2015.09.25"]
[Round "5"]
[White "Cohen Revivo, Shoham"]
[Black "Lovric, Dino"]
[Result "1/2-1/2"]
[WhiteElo "1901"]
[BlackElo "1696"]
[PlyCount "63"]
[EventDate "2015.09.21"]
[EventType "swiss"]
[EventRounds "9"]
[EventCountry "CRO"]
[SourceTitle "EXT 2016"]
[Source "ChessBase"]
[SourceDate "2015.10.08"]
[SourceVersion "1"]
[SourceVersionDate "2015.10.08"]
[SourceQuality "1"]

1. e4 d6 2. d4 Nf6 3. Nc3 g6 4. Bg5 Bg7 5. f4 0-0 6. Qd2 c6 7. Nf3 b5 8. Bd3 Bb7 9. 0-0 Qb6 10. Kh1 Re8 11. Rae1 Nbd7 12. e5 b4 13. Ne2 Nd5 14. Ng3 f6 15. Bh4 Bh6 16. Bc4 Qa5 17. a3 N7b6 18. Ba2 Kg7 19. Ne2 Ba6 20. Bg3 Bc4 21. Bb1 Bxe2 22. axb4 Qb5 23. Rxe2 Nxf4 24. Bxf4 Bxf4 25. Qe1 Nd5 26. c3 Ne3 27. Rg1 fxe5 28. Rxe3 Bxe3 29. Qxe3 e4 30. Qxe4 e5 31. dxe5 dxe5 32. h4 1/2-1/2

[Event "Pula-ch"]
[Site "Pula"]
[Date "2015.02.05"]
[Round "7"]
[White "Konic, Zlatko"]
[Black "Lovric, Dino"]
[Result "1-0"]
[WhiteElo "2099"]
[BlackElo "1729"]
[PlyCount "108"]
[EventDate "2015.01.15"]
[EventType "swiss"]
[EventRounds "9"]
[EventCountry "CRO"]
[SourceTitle "EXT 2016"]
[Source "ChessBase"]
[SourceDate "2015.10.08"]
[SourceVersion "1"]
[SourceVersionDate "2015.10.08"]
[SourceQuality "1"]

1. d4 f5 2. Bg5 g6 3. e3 Bg7 4. Bd3 Nf6 5. Bxf6 Bxf6 6. h4 e6 7. Nf3 d6 8. Nbd2 Nc6 9. c3 0-0 10. Qb3 Kg7 11. e4 Re8 12. 0-0-0 a6 13. Kb1 b5 14. Nf1 Rb8 15. Qc2 b4 16. Ka1 Bd7 17. Ne3 Qc8 18. g4 f4 19. g5 Be7 20. Nc4 e5 21. Be2 Bg4 22. dxe5 Bxf3 23. Bxf3 Nxe5 24. Nxe5 dxe5 25. Rd5 Bd6 26. c4 Qe6 27. Qa4 Bf8 28. Qd1 Qc6 29. b3 Bc5 30. h5 Bd4+ 31. Kb1 Rbd8 32. hxg6 hxg6 33. Rh6 Qa8 34. Qh1 Rh8 35. Qh3 Rxd5 36. exd5 Qe8 37. Be4 Rxh6 38. Qxh6+ Kg8 39. d6 c6 40. Bxg6 Qd7 41. Bd3 e4 42. Bxe4 Bg7 43. Qg6 Qh3 44. Qh7+ Qxh7 45. Bxh7+ Kf7 46. Bg8+ Kf8 47. f3 c5 48. Kc2 Be5 49. d7 Ke7 50. Be6 Bc7 51. Bf5 Bd8 52. Kd3 Kf7 53. Ke4 Bxg5 54. Kd5 Be7 1-0

[Event "Pula CC-ch"]
[Site "Pula"]
[Date "2014.02.04"]
[Round "6"]
[White "Mrdjen, David"]
[Black "Lovric, Dino"]
[Result "1-0"]
[WhiteElo "1973"]
[BlackElo "1626"]
[PlyCount "67"]
[EventDate "2014.01.17"]
[EventType "swiss"]
[EventRounds "9"]
[EventCountry "CRO"]
[SourceTitle "EXT 2016"]
[Source "ChessBase"]
[SourceDate "2015.10.08"]
[SourceVersion "1"]
[SourceVersionDate "2015.10.08"]
[SourceQuality "1"]

1. e4 e5 2. Nf3 Nc6 3. Bc4 Bc5 4. c3 Nf6 5. d3 d6 6. a4 a5 7. h3 Be6 8. Bb5 0-0 9. 0-0 Ne7 10. d4 exd4 11. cxd4 Bb6 12. Nc3 c6 13. Bd3 Ng6 14. Qe2 Bc7 15. Be3 Qd7 16. Ng5 h6 17. Nxe6 Qxe6 18. f4 Ne7 19. Ra3 b6 20. Bc1 Qd7 21. Kh1 Rfe8 22. Qf3 Rab8 23. e5 Nfd5 24. Ne4 Nb4 25. Bb1 d5 26. Ng3 c5 27. Nh5 Kh8 28. f5 cxd4 29. Nxg7 Bxe5 30. Nxe8 Rxe8 31. Bxh6 Ng8 32. Qh5 Nxh6 33. Qxh6+ Kg8 34. f6 1-0

[Event "Pula CC-ch"]
[Site "Pula"]
[Date "2014.01.21"]
[Round "2"]
[White "Lovric, Dino"]
[Black "Saric, Husnija"]
[Result "1-0"]
[WhiteElo "1626"]
[BlackElo "1811"]
[PlyCount "79"]
[EventDate "2014.01.17"]
[EventType "swiss"]
[EventRounds "9"]
[EventCountry "CRO"]
[SourceTitle "EXT 2016"]
[Source "ChessBase"]
[SourceDate "2015.10.08"]
[SourceVersion "1"]
[SourceVersionDate "2015.10.08"]
[SourceQuality "1"]

1. e4 c5 2. d3 a6 3. Nf3 Nc6 4. Nbd2 d6 5. Be2 e5 6. c3 b5 7. Qc2 Be7 8. 0-0 Nf6 9. Re1 0-0 10. Nf1 a5 11. Ng3 Bg4 12. Bg5 a4 13. a3 g6 14. h3 Be6 15. d4 Bb3 16. Qd2 cxd4 17. cxd4 Rb8 18. Bd1 Na5 19. dxe5 Nc4 20. Qc3 dxe5 21. Bxb3 Nxe4 22. Nxe4 axb3 23. Rad1 Bxg5 24. Rxd8 Bxd8 25. Nxe5 Ba5 26. Qxb3 Bxe1 27. Nd7 h5 28. Nef6+ Kg7 29. Nxf8 Rxf8 30. Nd7 Re8 31. Qxb5 Nd6 32. Qd3 Nf5 33. g4 hxg4 34. hxg4 Nh4 35. Qd4+ Kh6 36. Qf4+ Kg7 37. Qf6+ Kg8 38. Qxh4 Re6 39. Qd8+ Kg7 40. Qf8+ 1-0

[Event "Porec op"]
[Site "Porec"]
[Date "2013.12.06"]
[Round "4"]
[White "Lovric, Dino"]
[Black "Orak, Tugomir"]
[Result "0-1"]
[WhiteElo "1601"]
[BlackElo "1997"]
[PlyCount "52"]
[EventDate "2013.12.05"]
[EventType "swiss"]
[EventRounds "7"]
[EventCountry "CRO"]
[SourceTitle "CBM 157 Extra"]
[Source "ChessBase"]
[SourceDate "2013.12.19"]
[SourceVersion "1"]
[SourceVersionDate "2013.12.19"]
[SourceQuality "1"]

1. e4 g6 2. d3 Bg7 3. f4 c5 4. Nf3 Nc6 5. Be2 d6 6. 0-0 Nf6 7. Nc3 0-0 8. a3 Rb8 9. Qe1 b5 10. Nd5 Ne8 11. c3 a5 12. Rb1 e6 13. Ne3 b4 14. Bd2 Nf6 15. h3 Ba6 16. g4 bxa3 17. bxa3 Rxb1 18. Qxb1 Nxe4 19. dxe4 Bxe2 20. Rf2 Bxf3 21. Rxf3 Qc7 22. f5 Ne5 23. Rf1 Rb8 24. Qc2 c4 25. Rb1 Rxb1+ 26. Qxb1 Nf3+ 0-1

[Event "Porec op"]
[Site "Porec"]
[Date "2013.12.05"]
[Round "1"]
[White "Lovric, Dino"]
[Black "Kruselj, Danijel"]
[Result "1/2-1/2"]
[WhiteElo "1601"]
[BlackElo "2073"]
[PlyCount "38"]
[EventDate "2013.12.05"]
[EventType "swiss"]
[EventRounds "7"]
[EventCountry "CRO"]
[SourceTitle "CBM 157 Extra"]
[Source "ChessBase"]
[SourceDate "2013.12.19"]
[SourceVersion "1"]
[SourceVersionDate "2013.12.19"]
[SourceQuality "1"]

1. e4 c5 2. d3 d6 3. Nf3 Nf6 4. Be2 g6 5. 0-0 Bg7 6. Nbd2 0-0 7. c3 e5 8. Qc2 Nc6 9. Re1 Re8 10. Nf1 d5 11. Ng3 d4 12. Bg5 h6 13. Bd2 Be6 14. Qc1 Kh7 15. h3 Rc8 16. Nh2 Nd7 17. Bg4 h5 18. Bxe6 Rxe6 19. Nf3 f6 1/2-1/2